000 00392nam a22001217a 4500
003 SGT
082 _a080
_bB17K
100 _aकाटदरे, इंदुमती
245 _aभारतीय शिक्षा ग्रंथमाला
260 _bपुनरुत्थान प्रकाशन सेवा ट्रस्ट
_c2017
300 _a412
942 _2ddc
_cBK
999 _c31445
_d31445